Statistics for NBA 2018-19 Players By Letter - C

Click here to take the quiz!

General Stats

  • This quiz has been taken 24 times
  • The average score is 15 of 37

Answer Stats

Player Pos Tm % Correct
Stephen CurryPGGSW
90%
Seth CurrySGPOR
90%
Clint CapelaCHOU
86%
Mike ConleyPGMEM
86%
DeMarcus CousinsCGSW
71%
Jevon CarterPGMEM
67%
Vince CarterSFATL
67%
Wendell CarterCCHI
67%
Tyson ChandlerCLAL
62%
Zach CollinsCPOR
62%
John CollinsPFATL
62%
Wilson ChandlerPFPHI
62%
Kentavious Caldwell-PopeSGLAL
57%
Ian ClarkSGNOP
52%
Gary ClarkPFHOU
52%
Darren CollisonPGIND
43%
Quinn CookPGGSW
43%
DeMarre CarrollSFBRK
38%
Robert CovingtonSFMIN
38%
Jamal CrawfordSGPHO
33%
Willie Cauley-SteinCSAC
33%
Jordan ClarksonSGCLE
33%
Alex CarusoSGLAL
29%
Jae CrowderSFUTA
29%
Jose CalderonPGDET
19%
Pat ConnaughtonSGMIL
19%
Allen CrabbeSGBRK
19%
Marquese ChrissPFHOU
14%
Michael Carter-WilliamsPGHOU
14%
Isaiah CanaanPGPHO
10%
Bruno CabocloSFMEM
10%
Torrey CraigSFDEN
10%
Omri CasspiSFMEM
10%
Troy CaupainPGORL
5%
Dante CunninghamPFSAS
5%
Tyler CavanaughPFUTA
5%
Mitch CreekSFBRK
0%

Score Distribution

Percentile by Number Answered

Percent of People with Each Score

Your Score History

You have not taken this quiz